All Mahadi Khan Rivalries in XWP - Statistics

General Stats
  • This quiz has been taken 9 times
  • The average score is 8 of 10
Answer Stats
Hint Answer % Correct
Survivor Series S02-WrestleMania 2 Brett Storm
100%
Pride S01-Conflict S01 Jacob Cass
100%
Destruction S02-WrestleMania 2 Matteo
100%
Smackdown After WrestleMania 2-Betrayal S03 Shadow
100%
Pick Your Posion S03-Present Cycloper
80%
Destruction S02-Unforgiven S02 Alieus
60%
Nightmares S02-Survivor Series S02 Chris Jericho
60%
Pride S01-Summerslam S01 Duncan Cunner
60%
Raw After Pride S01-Outlaw S01 Joshie P
60%
Raw After Royal Rumble S01-Summerslam S02 The Undertaker
60%
No matching quizzes found
Score Distribution
Percent of People with Each Score
Percentile by Number Answered
Your Score History
You have not taken this quiz